Statistics for Elemental Rhymes

Click here to take the quiz!

General Stats

  • This quiz has been taken 284 times
  • The average score is 9 of 18

Answer Stats

ClueElement% Correct
ChopperCopper
98%
MoronBoron
88%
ThinkZinc
84%
EonNeon
80%
PodiumSodium
75%
ChinTin
73%
BedLead
72%
PickleNickel
72%
ChlorineFluorine
63%
RolledGold
60%
BargainArgon
53%
HandpickArsenic
16%
KeenAstatine
16%
ExpertiseManganese
15%
AbidjanSilicon
8%
BariumSamarium
7%
BhutanKrypton
5%
BecomeLanthanum
2%

Score Distribution

Percentile by Number Answered

Percent of People with Each Score

Your Score History

You have not taken this quiz